|
|
|
|
| LEADER |
00000nab a2200000 ar4500 |
| 001 |
vtls009168811 |
| 003 |
SK-MaSNL |
| 005 |
20260319070858.0 |
| 008 |
071218c20071218xo |||||||| 000 b|hun |
| 015 |
|
|
|a SNBRB2007/12
|2 snkbucl
|
| 038 |
|
|
|a SNKBUCL
|
| 040 |
|
|
|a DSZK
|b slo
|c DSZK
|e AACR2
|
| 041 |
0 |
|
|a hun
|
| 044 |
|
|
|a xo
|c SK
|
| 080 |
|
|
|a 791.43
|x (439)
|x (084.12)
|2 1997
|
| 100 |
1 |
|
|a Szabó, László G.,
|d 1955-
|4 aut
|9 840019
|
| 245 |
1 |
3 |
|a Az elkésett utas ajándéka
|b Huszárik Zoltán és Sára Sándor legendás alkotása, a harmincöt éve készült Szindbád albumban él tovább
|c Szabó G. László
|
| 300 |
|
|
|b Fotogr.
|
| 500 |
|
|
|a Album obsahuje fotografie Magdy B. Müller a grafiky režiséra filmu, Zoltána Huszárika
|
| 630 |
0 |
7 |
|a Szindbád (film)
|x fotoalbumy
|2 snkbucl
|9 1050090
|
| 630 |
0 |
7 |
|a Szindbád, a halhatatlan (fotoalbum)
|2 snkbucl
|9 1050091
|
| 773 |
0 |
|
|t Új szó
|g Évf. 60, sz. 290 (18.12.2007), o. 11
|
| 852 |
|
|
|a SNK
|b KIS3GCP
|
| 852 |
|
|
|a DSZK
|b KIS3GCP
|
| 958 |
|
|
|a HU
|
| 999 |
|
|
|c 1726021
|d 1727951
|